000 00490 a2200169 4500
999 _c4604
_d4604
010 _aENG-86467
020 _a0143062026
_c99.00
035 _aEN-70000
037 _bDBAD / PUB
082 1 4 _a000
245 1 _aThe Penguin India factfile /
260 _aNew Delhi
_bPenguin Books
_c2006
270 _a11, Community Centre, Panchsheel Park
_bNew Delhi
_cWest Bengal
_e110 017
300 _a168 p.
_c20cm (Pbk)
500 _aincludes index
942 _adpl
_cEN
_2ddc
_h000
_mPEN